00425nam a2200193Ia 4500003000900000008004100009040001300050040001300063041000800076100001900084245003200103250001200135260001200147260000900159300001100168300001200179490003300191490000700224IT-RoPAU120407s9999 xx 000 0 und d aIT-RoPAU cIT-RoPAU aita aAndré Parrot aScoperta dei mondi sepolti. aFirenze aSansoni c1963 a134 p. c17,5 cm aLe piccole storie illustrate v30